| 000 | 00634nam a2200217 a 4500 | ||
|---|---|---|---|
| 001 | 000014765 | ||
| 003 | DO-SdBNP | ||
| 005 | 20240530073917.0 | ||
| 008 | 100120s2006 dr 001 f spa d | ||
| 040 |
_aDO-SdBNP _bspa _cBNPHU |
||
| 082 | 4 |
_aRD863.44 _bI14s _222 |
|
| 100 | 1 |
_aInfante, Martha, _933479 _d1968- |
|
| 245 | 1 | 0 |
_aSin maquillaje / _cMartha Infante. |
| 260 |
_aSanto Domingo : _bCentenario, _c2006. |
||
| 300 |
_a147 p. ; _c22 cm. |
||
| 590 | _aInventariado, 2020/BT | ||
| 650 | 0 |
_aNovela dominicana _9223 |
|
| 650 | 0 |
_aLiteratura dominicana. _967 |
|
| 910 | _aValidado. Control de calidad. MMOLINA | ||
| 942 |
_2ddc _cLBS1 |
||
| 999 |
_c14348 _d14348 |
||